| 000 | 00448cam a22001571 4500 | ||
|---|---|---|---|
| 082 |
_a712 _bCRO _cL-15, P-39 |
||
| 100 | 1 |
_aCrowe, Sylvia. _945641 |
|
| 245 | 1 | 0 | _aTomorrow's Landscape |
| 260 |
_aLondon, _bArchitectural Press _c[1963] |
||
| 300 |
_a207 p. _billus. _c23 cm. |
||
| 500 | _aFirst published 1956; reprinted 1963. | ||
| 526 |
_a0 _b0 _c0 _d712_000000000000000_CRO |
||
| 650 | 0 |
_aLandscapes. _945651 |
|
| 650 | 0 |
_aMCE _9379 |
|
| 942 |
_2ddc _cBK |
||
| 999 |
_c549127 _d549127 |
||